000 00471nam a2200169Ia 4500
005 20250508152139.0
008 008 250505s9999 xx 000 0 eng d
037 _aTextual
040 _aFEDL
_beng
_cFEDL
041 _aeng
_2eng
084 _a537, BOY
_qFEDL
245 0 _aBoys' book of radio, television and radar
260 _aLondon, UK
_bburke Publishing Co. Ltd.
_c1957
300 _a143p.
942 _cTEXL
_h537, BOY
999 _c1334570
_d1334570